Study of semen quality by using different types liquefied domestic university of agriculture, សិក្សាពីគុណភាពទឹកកាមដោយប្រើប្រាស់ប្រភពពង្រាវផ្សេងគ្នារបស់ពូជមាន់ក្នុងស្រុក នៅសាកលវិទ្យាល័យភូមិន្ទកសិកម្ម (Record no. 7109)

000 -LEADER
fixed length control field 00747nam a22001217a 4500
040 ## - CATALOGING SOURCE
Transcribing agency RUA
082 ## - DEWEY DECIMAL CLASSIFICATION NUMBER
Classification number VEM HEN 2014 B436 O.1
100 ## - MAIN ENTRY--AUTHOR NAME
Personal name HENG VANDA; ហេង​វណ្ណដា
245 ## - TITLE STATEMENT
Title Study of semen quality by using different types liquefied domestic university of agriculture, សិក្សាពីគុណភាពទឹកកាមដោយប្រើប្រាស់ប្រភពពង្រាវផ្សេងគ្នារបស់ពូជមាន់ក្នុងស្រុក នៅសាកលវិទ្យាល័យភូមិន្ទកសិកម្ម
300 ## - PHYSICAL DESCRIPTION
Number of Pages ix,40p.
Other physical details ill.
Dimensions 29cm.
856 ## - ELECTRONIC LOCATION AND ACCESS
Uniform Resource Identifier https://drive.google.com/file/d/1iznFNWcVoFNwri_A3ECMnnY0sSTLNxFt/view?usp=sharing
942 ## - ADDED ENTRY ELEMENTS (KOHA)
Koha item type VEM
952 ## - LOCATION AND ITEM INFORMATION (KOHA)
Withdrawn status [LOCAL, KOHA] 0
952 ## - LOCATION AND ITEM INFORMATION (KOHA)
Withdrawn status [LOCAL, KOHA] 0
952 ## - LOCATION AND ITEM INFORMATION (KOHA)
Withdrawn status [LOCAL, KOHA] 0
952 ## - LOCATION AND ITEM INFORMATION (KOHA)
Withdrawn status [LOCAL, KOHA] 0
952 ## - LOCATION AND ITEM INFORMATION (KOHA)
Withdrawn status [LOCAL, KOHA] 0
952 ## - LOCATION AND ITEM INFORMATION (KOHA)
Withdrawn status [LOCAL, KOHA] 0
952 ## - LOCATION AND ITEM INFORMATION (KOHA)
Withdrawn status [LOCAL, KOHA] 0
952 ## - LOCATION AND ITEM INFORMATION (KOHA)
Withdrawn status [LOCAL, KOHA] 0
952 ## - LOCATION AND ITEM INFORMATION (KOHA)
Withdrawn status [LOCAL, KOHA] 0
952 ## - LOCATION AND ITEM INFORMATION (KOHA)
Withdrawn status [LOCAL, KOHA] 0
952 ## - LOCATION AND ITEM INFORMATION (KOHA)
Withdrawn status [LOCAL, KOHA] 0
Holdings
Permanent Location Date acquired Koha item type Lost status Shelving location Barcode Current Location Full call number
Library Block B2016-02-26VEM B436RUA052799Library Block BVEM HEN 2014 B436 O.1
Library Block B2016-02-26VEM B436RUA052858Library Block BVEM HEN 2014 B436 O.2
Library Block B2016-02-26VEM B436RUA052859Library Block BVEM HEN 2014 B436 O.3
Library Block B2016-02-26VEM B436RUA052857Library Block BVEM HEN 2014 B436 O.4
Library Block B2016-02-26VEM B436RUA052797Library Block BVEM HEN 2014 B436 O.5
Library Block B2016-02-26VEM B436RUA052920Library Block BVEM HEN 2014 B436 O.6
Library Block B2016-02-26VEM B436RUA052979Library Block BVEM HEN 2014 B436 O.7
Library Block B2016-02-26VEM B436RUA052978Library Block BVEM HEN 2014 B436 O.8
Library Block B2021-11-10VEM B690a065928Library Block BVEM HEN 2014 B690 O.1
Library Block B2021-11-10VEM B690A066061Library Block BVEM HEN 2014 B690 Or.
Library Block B2021-11-10VEM B690A066051Library Block BVEM HEN 2014 B690 Or.
មជ្ឈមណ្ឌលឯការនៃសាកលវិទ្យាល័យភូមិន្ទកសិកម្មចំការដូង

Powered by Koha